Logo BPK

Biblioteka

Politechniki Koszalińskiej

An econometric model of the United States 1929-1952 by ... / (Rekord nr 15637)

Szczegóły MARC
000 -ETYKIETA REKORDU
podpole kontrolne o stałej długości 00398nam a2200145 i 4500
001 - NUMER KONTROLNY REKORDU
pole kontrolne bg
040 ## - ŹRÓDŁO KATALOGOWANIA
Instytucja, która utworzyła rekord BPK
041 ## - KOD JĘZYKA
Kod języka tekstu pol
008 - POLE O STAŁEJ DŁUGOŚCI - DANE KONTROLNE
podpole kontrolne o stałej długości s pl f |000 0 pol
100 1# - NAZWA OSOBOWA
Nazwa osobowa KLEIN, L. R.
245 #0 - TYTUŁ/ODPOWIEDZIALNOŚĆ
Tytuł An econometric model of the United States 1929-1952 by ... /
Pozostałe elementy strefy tytułu i oznaczenia odpowiedzialności L. R. Klein, A. S. Goldberger.
260 ## - STREFA ADRESU WYDAWNICZEGO
Miejsce wydania Amsterdam,
Data publikacji, dystrybucji/powstania dokumentu 1969.
700 1# - HASŁO DODATKOWE - NAZWA OSOBOWA
Nazwa osobowa Goldberger, Arthur Stanley.
856 ## - LOKALIZACJA I DOSTĘP DO ELEKTRONICZNYCH DOKUMENTÓW ZDALNYCH
Link (URL) http://koha.tu.koszalin.pl/cgi-bin/koha/opac-detail.pl?biblionumber=15637
Tekst linku Katalog online BPK
942 ## - DODATKOWE ELEMENTY (KOHA)
Typ dokumentu Książka
Egzemplarze
Wycofany Status egzemplarza Uszkodzony Dostępność Lokalizacja stała Lokalizacja bieżąca Miejsce przechowywania Sygnatura Kod kreskowy Typ dokumentu
      Dostępny Biblioteka Politechniki Koszalińskiej Biblioteka Politechniki Koszalińskiej Wypożyczalnia BG 16418 01735666 Książka
© 2023 Biblioteka Politechniki Koszalińskiej :: KOHA